00611 2200217 4500001002100000005001500021035002000036007000300056008004100059020002200100082001600122084002200138100000900160245003900169250002000208260006500228300002500293650003700318650002600355700001200381INLIS00000000000000520250710102857 a0010-0725000005ta250710 a 0 ind  a978-623-307-454-4 a398.209 598 a398.209 598 MAL p0 aMala1 aPetualang Tuan Anand /cMala Kumar acetakan pertama aRawamangun :bBadan Pengembangan dan Pembinaan Bahasa,c2022 a16 :bilus. ;c29 cm 4acerita anak indonesia-terjemahan 4aliterasi-bahan bacaan0 aManisha